LEADER 01882nam a2200301 4500 001 000000359283 003 CaOOAMICUS 005 20240808104621.0 008 240808s1664 fr 000 u lat r 026 $euem- r.am uman labe (3) 1664 (A) 040 $aSeMil$bita 100 01$aLupus : Ferrariensis,$c.$0(OLS)http://semarc/name/110455 245 10$aBeati Servati Lupi presbyteri et abbatis Ferrariensis, ordinis S. Benedicti, Opera. Stephanus Baluzius Tutelensis in unum collegit, epistolas ad fidem vetustissimi codicis emendavit notisque illustravit. 264 1$aParisiis :$bApud F. Muguet, regis ac illustriss. archiepis. Paris. typogr. viâ Citharae, ad insigne Adorationis trium regum,$c1664. 300 $a[20], 535, [9], 11, [1] p. ;$c8° 500 $aSegn.: ?? ?² A-2L? ?? 2?² 500 $aCors. ; rom. 500 $aVignetta xilogr. (Adorazione dei Re Magi) sul front. 500 $aIniziali e fregi xilogr. 700 1 $aBaluze, Étienne,$d<1630-1718>.$0(OLS)http://semarc/name/14210 700 1 $aMuguet, François$b.$0(OLS)http://semarc/name/13049 752 $afr$dParigi 850 $aSeMil 852 $aSeMil$W1$xVenegono$y1$m2E II 116 FA$j250199$B250364$CSeMilBibl$Z2$F250364 $8I 856 42$uhttp://books.google.it/books?id=KtNBOVsXuX8C&printsec=frontcover&hl=it&source=gbs_ge_summary_r&cad=0#v=onepage&q&f=false 996 $6245$aBeati Servati Lupi presbyteri et abbatis Ferrariensis, ordinis S. Benedicti, Opera. Stephanus Baluzius Tutelensis in unum collegit, epistolas ad fidem vetustissimi codicis emendavit notisque illustravit$9(OLS)http://semarc/title/449740 996 $6264$aParisiis :$bApud F. Muguet, regis ac illustriss. archiepis. Paris. typogr. viâ Citharae, ad insigne Adorationis trium regum$9(OLS)http://semarc/publisher/61882 LEADER 00790nam a2200205 i 4500 001 000000072469 003 CaOOAMICUS 005 20090327000000.0 008 090327s1951 fr u000 u fre u 013 $a43641 040 $aSeMil$bita 100 1 $aBuck, Jean-Marie : de .$0(OLS)http://semarc/name/32058 245 10$aErreurs sur la personne /$cJ. M. de Buck. 260 $aBruges :$bDesclée de Brouwer,$cc1951. 300 $a423 p. ;$c18 cm. 650 4$aEducatori - Europa - Inchieste.$0(OLS)http://semarc/subject/14622 850 $aSeMil 852 $aSeMil$W1$xVenegono$y1$m2Q I 315$j38622$B38622$CSeMilBibl$Z2$F38625 $81 996 $6245$aErreurs sur la personne$9(OLS)http://semarc/title/116839 996 $6260$aBruges :$bDesclée de Brouwer$9(OLS)http://semarc/publisher/29840